| 000 | 00455cam a2200181ua 4500 | ||
|---|---|---|---|
| 001 | 1100 | ||
| 008 | 110428n ii |||gr||||Z||||||eng | ||
| 040 | _cMAIN | ||
| 082 | _a322.44 | ||
| 245 | 1 |
_aSwadhinatar raj bisar. _cBy B R Agarwalla. |
|
| 250 | _a1st. | ||
| 260 |
_aNew Delhi.: _bNational book trust.,996. |
||
| 300 | _a174 cm.:5 cm. | ||
| 653 | _aPolitical science. | ||
| 653 | _aSwadhinatar raj bisar. | ||
| 700 | 1 | _aAgarwalla, B R., | |
| 942 | _cBK | ||
| 999 |
_c1016 _d1016 |
||